书目信息 |
| 题名: |
媒体文化与消费时代
|
|
| 作者: | 蒋原伦 著 | |
| 分册: | ||
| 出版信息: | 北京 中央编译出版社 2004.01 |
|
| 页数: | 187页 | |
| 开本: | 23cm | |
| 丛书名: | 媒体文化丛书 | |
| 单 册: | ||
| 中图分类: | G206.2 | |
| 科图分类: | ||
| 主题词: | 传播媒介--文化--研究 | |
| 电子资源: | ||
| ISBN: | 7-80109-748-3 | |
| 000 | 00863nam 22002417 4500 | |
| 001 | 192004003022 | |
| 005 | 20070906100026.40 | |
| 010 | @a7-80109-748-3@dCNY21.50 | |
| 100 | @a20070601d2004 ekmy0chiy0121 ea | |
| 101 | 0 | @achi |
| 102 | @aCN@b110000 | |
| 105 | @ay z 000yy | |
| 200 | 1 | @a媒体文化与消费时代@Amei ti wen hua yu xiao fei shi dai@f蒋原伦著 |
| 210 | @a北京@c中央编译出版社@d2004.01 | |
| 215 | @a187页@d23cm | |
| 225 | 2 | @a媒体文化丛书@Amei ti wen hua cong shu |
| 330 | @a本书运用西方媒体文化研究中的一些理论和方法,对我国近年来令人眼花缭乱的媒体文化现象进行了深入的分析研究,准确鲜明地勾勒出消费时代媒体文化的巨大操纵力及种种特征,对我们理解世界有重要作用。 | |
| 410 | 0 | @12001 @a媒体文化丛书 |
| 606 | 0 | @a传播媒介@x文化@x研究 |
| 690 | @aG206.2@v4 | |
| 701 | 0 | @a蒋原伦@Ajiang yuan lun@4著 |
| 801 | 0 | @aCN@c20070906 |
| 905 | @dG206.2@eJ603 | |
| 媒体文化与消费时代/蒋原伦著.-北京:中央编译出版社,2004.01 |
| 187页;23cm.-(媒体文化丛书) |
| ISBN 7-80109-748-3:CNY21.50 |
| 本书运用西方媒体文化研究中的一些理论和方法,对我国近年来令人眼花缭乱的媒体文化现象进行了深入的分析研究,准确鲜明地勾勒出消费时代媒体文化的巨大操纵力及种种特征,对我们理解世界有重要作用。 |
| ● |
| 相关链接 |
|
|
|
正题名:媒体文化与消费时代
索取号:G206.2/J603
 
预约/预借
| 序号 | 登录号 | 条形码 | 馆藏地/架位号 | 状态 | 备注 |
| 1 | 619037 | 206190370 | 社科库409/309社科库 84排2列1层/ [索取号:G206.2/J603] | 在馆 | |
| 2 | 619038 | 206190389 | 社科库409/409社科库 57排3列1层/ [索取号:G206.2/J603] | 在馆 | |
| 3 | 619039 | 206190398 | 社科库409/409社科库 57排3列1层/ [索取号:G206.2/J603] | 在馆 |